01657cam a2200337 a 4500999001700000001000900017003000400026005001700030008004100047010001700088020001800105020001500123035002400138040006400162050002200226082001500248100002800263245003600291250001200327260003900339300006200378440003400440504006400474505023900538520023300777650002301010856008201033906004501115942003401160952012501194 c27310d2731015112668OSt20170208093450.0071213s2008 nyuaf b 001 0 eng  a 2007050846 a9780816070008 a0816070008 a(OCoLC)ocn183928654 aDLCcDLCdBAKERdBTCTAdYDXCPdC#PdBWXdZJIdCQUdB@LdDLC00aGB5014b.D38 200800a904/.52221 aDavis, Leeq(Lee Allyn)10aNatural disasters /cLee Davis. aNew ed. aNew York :bFacts On File,cc2008. axvi, 464 p., 8 p. of plates :bill. (some col.) ;c29 cm. 0aFacts on File science library aIncludes bibliographical references (p. 425-432) and index.0 aAvalanches and landslides -- Earthquakes -- Famines and droughts -- Floods -- Plagues and epidemics -- Cyclones -- Hurricanes -- Icestorms and snowstorms -- Tornadoes -- Storms -- Typhoons -- Volcanic eruptions and natural explosions. aDiscusses more than five hundred natural calamities that have devastated humanity and changed history, including hurricanes, earthquakes, famines and droughts, floods, plagues and epidemics, and volcanic eruptions. Simultaneous. 0aNatural disasters.413Table of contents onlyuhttp://www.loc.gov/catdir/toc/ecip086/2007050846.html a7bcbccorignewd1eecipf20gy-gencatlg 2lcccBOOKShGB 5014 .D38 2008 00102lcc4070aMUCbMUCcTECHd2017-02-08eDonation(B.F.A)l0oGB 5014 .D38 2008p34702r2018-08-07w2017-02-08yBOOKS